000
00251nam a22001097a 4500
008
160523b xxu||||| |||| 00| 0 eng d
020
_a
0813515890
041
_a
eng
080
_a
003.2
245
_a
Eskimo essays:
_c
Ann Fienup Riordan;
942
_2
udc
_c
BK
999
_c
2407
_d
2407